Complétez les paroles : Les démons de minuit. - Statistiques

Statistiques générales
  • Ce quiz a été pris 130 fois
  • Le résultat moyen est 8 sur 9
Statistiques - réponses
Paroles précédentes Paroles manquantes % Correct
D'un néon rougeJ'ai besoin De trouver quelqu'un J'veux pas dormir Je cherche un peu de chaleur À mettre... Dans mon coeur
96%
Qui se déhanche Ça met un peu de chaleur Au... Fond de mon coeur
94%
Ils m'entraînent au bout de la nuitLes démons de minuit M'entraînent jusqu'à l'insomnie Les... Fantômes de l'ennui
93%
Ils m'entraînent au bout de la nuitLes démons de minuit M'entraînent jusqu'à l'insomnie Les fantômes de l'ennui Ils m'entraînent au bout de la nuit Les démons de minuit M'entraînent jusqu'à l'insomnie... Fantômes de l'ennui
93%
J'aime cette fille
Ses talons-aiguilles
Qui se déhanche
Ça met...
Un peu de chaleur
88%
Il faut que ça danseJ'aime cette fille Sur... Talons-aiguilles
85%
Au fond de mon cœur Ils m'entraînent au bout de la nuit Les démons de minuit M'entraînent jusqu'à l'insomnie Les fantômes de l'ennui Ils m'entraînent... Au bout de la nuit
74%
Rue déserteDernière cigarette Plus rien ne bouge Juste un bar qui... Eclaire le trottoir
73%
Dans mon verreJe regarde la mer Qui se balance J'veux un disque De... Funky music
66%
Aucun quiz correspondant
Distribution des résultats
% des personnes avec chaque résultat
Percentile par nombre de réponses
Votre historique - résultats
Vous n’avez pas pris ce quiz